<?xml version="1.0" encoding="UTF-8"?>
<record
    xmlns:xsi="http://www.w3.org/2001/XMLSchema-instance"
    xsi:schemaLocation="http://www.loc.gov/MARC21/slim http://www.loc.gov/standards/marcxml/schema/MARC21slim.xsd"
    xmlns="http://www.loc.gov/MARC21/slim">

  <leader>01113nam a22002897a 4500</leader>
  <controlfield tag="005">20250611095106.0</controlfield>
  <controlfield tag="008">140925t        mx ||||| |||| 00| 0 spa d</controlfield>
  <datafield tag="020" ind1=" " ind2=" ">
    <subfield code="a">9702401216 (o. c.)</subfield>
  </datafield>
  <datafield tag="020" ind1=" " ind2=" ">
    <subfield code="a">9702401755 (v .1)</subfield>
  </datafield>
  <datafield tag="020" ind1=" " ind2=" ">
    <subfield code="a">9702401763 (v. 2) </subfield>
  </datafield>
  <datafield tag="050" ind1="0" ind2="4">
    <subfield code="a">QC21.3</subfield>
    <subfield code="b">H35 2001</subfield>
  </datafield>
  <datafield tag="100" ind1="1" ind2=" ">
    <subfield code="a">Halliday, David.</subfield>
  </datafield>
  <datafield tag="240" ind1="1" ind2="0">
    <subfield code="a">Fundamentals of physics.</subfield>
    <subfield code="l">Espa&#xF1;ol</subfield>
  </datafield>
  <datafield tag="245" ind1="1" ind2="0">
    <subfield code="a">Fundamentos de f&#xED;sica </subfield>
    <subfield code="c">/ David Holliday, Robert Resnick, Jearl Walker ; traducci&#xF3;n Jorge Humberto Romo ; revisi&#xF3;n t&#xE9;cnica Ra&#xFA;l Mart&#xED;nez Rosado ; revisi&#xF3;n t&#xE9;cnica Ra&#xFA;l Mart&#xED;nez Rosado.</subfield>
  </datafield>
  <datafield tag="250" ind1=" " ind2=" ">
    <subfield code="a">3a ed. </subfield>
    <subfield code="b">versi&#xF3;n extendida</subfield>
  </datafield>
  <datafield tag="260" ind1=" " ind2=" ">
    <subfield code="a">M&#xE9;xico :</subfield>
    <subfield code="b">Grupo Editorial Patria, </subfield>
    <subfield code="c">2001.</subfield>
  </datafield>
  <datafield tag="300" ind1=" " ind2=" ">
    <subfield code="a">2 v. :</subfield>
    <subfield code="b">il. ;</subfield>
    <subfield code="c">25 cm.</subfield>
  </datafield>
  <datafield tag="500" ind1=" " ind2=" ">
    <subfield code="a">3a edici&#xF3;n en espa&#xF1;ol traducida de la 6a edici&#xF3;n en ingl&#xE9;s</subfield>
  </datafield>
  <datafield tag="500" ind1=" " ind2=" ">
    <subfield code="a">Incluye &#xED;ndice</subfield>
  </datafield>
  <datafield tag="650" ind1=" " ind2="7">
    <subfield code="2">lemb</subfield>
    <subfield code="a">F&#xED;sica</subfield>
  </datafield>
  <datafield tag="700" ind1="1" ind2=" ">
    <subfield code="a">Resnick, Robert,</subfield>
    <subfield code="e">autor</subfield>
  </datafield>
  <datafield tag="700" ind1="1" ind2=" ">
    <subfield code="a">Walker, Jearl,</subfield>
    <subfield code="e">autor</subfield>
  </datafield>
  <datafield tag="700" ind1="1" ind2=" ">
    <subfield code="a">Romo, Jorge Humberto,</subfield>
    <subfield code="e">traductor</subfield>
  </datafield>
  <datafield tag="700" ind1="1" ind2=" ">
    <subfield code="a">Mart&#xED;nez Rosado, Ra&#xFA;l,</subfield>
    <subfield code="e">revisor </subfield>
  </datafield>
  <datafield tag="700" ind1="1" ind2=" ">
    <subfield code="a">Mart&#xED;nez Rosado, Ra&#xFA;l, </subfield>
    <subfield code="e">reviso t&#xE9;cnico</subfield>
  </datafield>
  <datafield tag="942" ind1=" " ind2=" ">
    <subfield code="2">lcc</subfield>
    <subfield code="c">LIB</subfield>
  </datafield>
  <datafield tag="999" ind1=" " ind2=" ">
    <subfield code="c">62102</subfield>
    <subfield code="d">62102</subfield>
  </datafield>
  <datafield tag="952" ind1=" " ind2=" ">
    <subfield code="1">0</subfield>
    <subfield code="2">lcc</subfield>
    <subfield code="4">0</subfield>
    <subfield code="7">0</subfield>
    <subfield code="a">LIC-025</subfield>
    <subfield code="b">LIC-025</subfield>
    <subfield code="c">GENERAL</subfield>
    <subfield code="d">2014-09-25</subfield>
    <subfield code="e">PIFI-2013</subfield>
    <subfield code="f">3a ed.</subfield>
    <subfield code="h">V:2</subfield>
    <subfield code="k">CNE</subfield>
    <subfield code="o">QC21.3 H35 r2008</subfield>
    <subfield code="p">BIE000008847</subfield>
    <subfield code="r">2015-01-16 00:00:00</subfield>
    <subfield code="t">1</subfield>
    <subfield code="v">1.00</subfield>
    <subfield code="y">LIB</subfield>
  </datafield>
  <datafield tag="952" ind1=" " ind2=" ">
    <subfield code="1">0</subfield>
    <subfield code="2">lcc</subfield>
    <subfield code="4">0</subfield>
    <subfield code="7">0</subfield>
    <subfield code="a">LIC-025</subfield>
    <subfield code="b">LIC-025</subfield>
    <subfield code="c">GENERAL</subfield>
    <subfield code="d">2014-09-25</subfield>
    <subfield code="e">PIFI-2013</subfield>
    <subfield code="f">3a ed.</subfield>
    <subfield code="h">V:2</subfield>
    <subfield code="k">CNE</subfield>
    <subfield code="o">QC21.3 H35 r2008</subfield>
    <subfield code="p">BIE000008848</subfield>
    <subfield code="r">2015-01-16 00:00:00</subfield>
    <subfield code="t">2</subfield>
    <subfield code="v">1.00</subfield>
    <subfield code="y">LIB</subfield>
  </datafield>
  <datafield tag="952" ind1=" " ind2=" ">
    <subfield code="1">0</subfield>
    <subfield code="2">lcc</subfield>
    <subfield code="4">0</subfield>
    <subfield code="7">0</subfield>
    <subfield code="a">LIC-025</subfield>
    <subfield code="b">LIC-025</subfield>
    <subfield code="c">GENERAL</subfield>
    <subfield code="d">2014-09-25</subfield>
    <subfield code="e">PIFI-2013</subfield>
    <subfield code="f">3a ed.</subfield>
    <subfield code="h">V:2</subfield>
    <subfield code="k">CNE</subfield>
    <subfield code="o">QC21.3 H35 r2008 </subfield>
    <subfield code="p">BIE000008849</subfield>
    <subfield code="r">2015-01-16 00:00:00</subfield>
    <subfield code="t">3</subfield>
    <subfield code="v">1.00</subfield>
    <subfield code="y">LIB</subfield>
  </datafield>
  <datafield tag="952" ind1=" " ind2=" ">
    <subfield code="1">0</subfield>
    <subfield code="2">lcc</subfield>
    <subfield code="4">0</subfield>
    <subfield code="7">0</subfield>
    <subfield code="a">LIC-025</subfield>
    <subfield code="b">LIC-025</subfield>
    <subfield code="c">GENERAL</subfield>
    <subfield code="d">2014-09-25</subfield>
    <subfield code="e">PIFI-2013</subfield>
    <subfield code="f">3a ed.</subfield>
    <subfield code="h">V:2</subfield>
    <subfield code="k">CNE</subfield>
    <subfield code="o">QC21.3 H35 r2008</subfield>
    <subfield code="p">BIE000008850</subfield>
    <subfield code="r">2015-01-16 00:00:00</subfield>
    <subfield code="t">4</subfield>
    <subfield code="v">1.00</subfield>
    <subfield code="y">LIB</subfield>
  </datafield>
  <datafield tag="952" ind1=" " ind2=" ">
    <subfield code="1">0</subfield>
    <subfield code="2">lcc</subfield>
    <subfield code="4">0</subfield>
    <subfield code="7">0</subfield>
    <subfield code="a">LIC-025</subfield>
    <subfield code="b">LIC-025</subfield>
    <subfield code="c">GENERAL</subfield>
    <subfield code="d">2014-10-07</subfield>
    <subfield code="e">PIFI-2013</subfield>
    <subfield code="f">3a ed.</subfield>
    <subfield code="h">V:2</subfield>
    <subfield code="k">CNE</subfield>
    <subfield code="o">QC21.3 H35 r2008 </subfield>
    <subfield code="p">BIE000008661</subfield>
    <subfield code="r">2015-01-16 00:00:00</subfield>
    <subfield code="t">5</subfield>
    <subfield code="v">1.00</subfield>
    <subfield code="y">LIB</subfield>
  </datafield>
  <datafield tag="952" ind1=" " ind2=" ">
    <subfield code="1">0</subfield>
    <subfield code="2">lcc</subfield>
    <subfield code="4">0</subfield>
    <subfield code="7">0</subfield>
    <subfield code="a">LIC-025</subfield>
    <subfield code="b">LIC-025</subfield>
    <subfield code="c">GENERAL</subfield>
    <subfield code="d">2014-10-07</subfield>
    <subfield code="e">PIFI-2013</subfield>
    <subfield code="f">3a ed.</subfield>
    <subfield code="h">V:2</subfield>
    <subfield code="k">CNE</subfield>
    <subfield code="o">QC21.3 H35 r2008 </subfield>
    <subfield code="p">BIE000008662</subfield>
    <subfield code="r">2015-01-16 00:00:00</subfield>
    <subfield code="t">6</subfield>
    <subfield code="v">1.00</subfield>
    <subfield code="y">LIB</subfield>
  </datafield>
  <datafield tag="952" ind1=" " ind2=" ">
    <subfield code="1">0</subfield>
    <subfield code="2">lcc</subfield>
    <subfield code="4">0</subfield>
    <subfield code="7">0</subfield>
    <subfield code="a">LIC-025</subfield>
    <subfield code="b">LIC-025</subfield>
    <subfield code="c">GENERAL</subfield>
    <subfield code="d">2014-10-07</subfield>
    <subfield code="e">PIFI-2013</subfield>
    <subfield code="f">3a ed.</subfield>
    <subfield code="h">V:2</subfield>
    <subfield code="k">CNE</subfield>
    <subfield code="o">QC21.3 H35 r2008</subfield>
    <subfield code="p">BIE000008663</subfield>
    <subfield code="r">2015-01-16 00:00:00</subfield>
    <subfield code="t">7</subfield>
    <subfield code="v">1.00</subfield>
    <subfield code="y">LIB</subfield>
  </datafield>
  <datafield tag="952" ind1=" " ind2=" ">
    <subfield code="1">0</subfield>
    <subfield code="2">lcc</subfield>
    <subfield code="4">0</subfield>
    <subfield code="7">0</subfield>
    <subfield code="a">UCIH</subfield>
    <subfield code="b">UCIH</subfield>
    <subfield code="c">GENERAL</subfield>
    <subfield code="d">2022-11-09</subfield>
    <subfield code="f">3a. ed.</subfield>
    <subfield code="h">V.2</subfield>
    <subfield code="k">CNE</subfield>
    <subfield code="o">QC21.2 R47 2002</subfield>
    <subfield code="p">BCU000020721</subfield>
    <subfield code="r">2022-11-09 00:00:00</subfield>
    <subfield code="t">1</subfield>
    <subfield code="v">1.00</subfield>
    <subfield code="y">LIB</subfield>
  </datafield>
</record>
